000 00549nam a22002057a 4500
003 OSt
005 20140310181739.0
008 130322t xxu||||| |||| 00| 0 eng d
020 _a0340188332
050 _aBF 1411
_b.W337 1973
082 _aTR 133
_bWa33 1973
245 _aSupernature : the natural history of the supernatural/
_cLyall Watson.
260 _aLondon :
_bCoronet Books,
_c1973.
300 _a347 p.:
_c18cm.
520 _a1. Supernatural
521 _aFaculty
541 _j1
562 _e1
942 _2lcc
_cBK-TR
_kTR
999 _c2700
_d2700